Doctor-patient communication in relation to patient satisfaction reflecting the hospital's image at aga khan university hospital, Nairobi

Saved in:
Bibliographic Details
Main Author: Wachira, Lilian Wanjiku (Author)
Format: Book
Language:English
Published: Nairobi Daystar University 2023
Subjects:
Tags: Add Tag
No Tags, Be the first to tag this record!

MARC

LEADER 00000nam a22000007a 4500
003 OSt
005 20241106121159.0
008 241106b |||||||| |||| 00| 0 eng d
040 |a DUL  |c DUL  |d Gkanini 
050 |a R727.3.K4W33 2023 
100 |a Wachira, Lilian Wanjiku  |e author 
245 |a Doctor-patient communication in relation to patient satisfaction reflecting the hospital's image at aga khan university hospital, Nairobi  |c by Lilian Wanjiku Wachira 
260 |a Nairobi  |b  Daystar University  |c  2023 
300 |a xiii, 134 p  |b ill 
500 |a A thesis presented to the School of Communication of Daystar University Nairobi, Kenya in partial fulfillment of the requirements for the degree of Master of Arts in Communication  
650 |a doctor 
650 |a patient  |x communication 
942 |2 lcc  |c THES  |h R727.3  |i .K4W33   |m 2023  |6 R07273 K4 W33 
952 |0 0  |1 0  |2 lcc  |4 0  |6 R07273 K4 W33 02023  |7 0  |8 AFR  |9 142613  |a DUN  |b DUN  |c AFR  |d 2024-11-06  |e Daystar University  |g 2500.00  |l 0  |o R727.3.K4W33 2023  |p BK0112190  |r 2024-11-06 12:10:21  |w 2024-11-06  |x 112190  |y THES 
952 |0 0  |1 0  |2 lcc  |4 0  |6 R07273 K4 W33 02023  |7 0  |8 AFR  |9 142614  |a DUA  |b DUA  |c AFR  |d 2024-11-06  |e Daystar University  |g 2500.00  |l 0  |o R727.3.K4W33 2023  |p BK0112191  |r 2024-11-06 12:10:21  |w 2024-11-06  |x 112191  |y THES 
999 |c 236232  |d 236231